ბათუმის შოთა რუსთაველის სახელმწიფო უნივერსიტეტის ბიბლიოთეკა

სამელიორაციო და სამშენებლო მანქანები: (ბიბ.ჩანაწერი № 35308)

000 -ლიდერი
ფიქსირებული სიგრძის საკონტროლო ველი 01068nam a2200253Ia 4500
001 - საკონტროლო ნომერი
საკონტროლო ველი 1159
003 - საკონტროლო ნომრის იდენტიფიკატორი
საკონტროლო ველი GE_BSU
005 - ბოლო ოპერაციის თარიღი და დრო
საკონტროლო ველი 20251118200635.0
008 - ფიქსირებული სიგრძის მონაცემთა ელემენტები - ზოგადი ინფორმაცია
ფიქსირებული სიგრძის საკონტროლო ველი 181216s1988||||ge |||||||||||||| ||geo||
020 ## - წიგნის საერთაშორისო სტანდარტული ნომერი
International Standard Book Number 5505005454
040 ## - კატალოგიზაციის წყარო
Transcribing agency GE_BSU
041 ## - ენის კოდი
Language code of text/sound track or separate title geo
080 ## - უნივერსალური ათობითი კლასიფიკაციის ინდექსი
Universal Decimal Classification number 631.6(075.8) მ–178
100 ## - მთავარი ჩანაწერი - პიროვნების სახელი
Personal name მაისურაძე, ო.
9 (RLIN) 26264
245 ## - ცნობა სათაურის შესახებ
Title სამელიორაციო და სამშენებლო მანქანები:
Remainder of title [სახელმძღვ. სას.-სამ. ინ-ტის სტუდ.] /
Statement of responsibility, etc ოთარ მაისურაძე.
264 ## - წარმოების, გამოცემის, დისტრიბუციის და სხვა ცნობები
გამოცემის, წარმოების, დისტრიბუციის... ადგილი თბილისი :
გამოცემის, წარმოების, დისტრიბუციის... სახელწოდება განათლება,
გამოცემის, წარმოების, დისტრიბუციის... თარიღი 1988.
300 ## - ფიზიკური აღწერა
Extent 454 გვ.:
Other physical details ილ. ;
Dimensions 22 სმ.
504 ## - BIBLIOGRAPHY, ETC. NOTE
Bibliography, etc ბიბლიოგრ.: გვ. 429-430.
653 ## - INDEX TERM--UNCONTROLLED
Uncontrolled term სამელიორაციო მანქანები
653 ## - INDEX TERM--UNCONTROLLED
Uncontrolled term სამშენებლო მანქანები
700 ## - ADDED ENTRY--PERSONAL NAME
Personal name მგელაძე, ნ.
Relator term რედაქტორი
9 (RLIN) 23803
942 ## - ADDED ENTRY ELEMENTS (KOHA)
Koha item type წიგნი
Source of classification or shelving scheme
ეგზემპლარები
ჩამოწერის სტატუსი დაკარგული ეგზემპლარის სტატუსი კლასიფიკაციის წყარო ან თაროზე გაწყობის სქემა დაზიანების სტატუსი არ გაიცემა მუდმივი მდებარეობა (დაცვის ადგილი) ამჟამინდელი ადგილსამყოფელი თაროზე განთავსების ადგილი შეძენის თარიღი ღირებულება, შესყიდვის ნორმალური ფასი სრული შენახვის შიფრი შტრიხკოდი ბოლო ოპერაციის თარიღი ეგზემპლარის მიმდევრობითი ნომერი (კეტერი?) ფასის ძალაში შესვლის თარიღი ეგზემპლარის სახეობა საჯარო შენიშვნა
          აგრარული და მემბრანული ტექნოლოგიების ინსტიტუტის ბიბლიოთეკა აგრარული და მემბრანული ტექნოლოგიების ინსტიტუტის ბიბლიოთეკა წიგნსაცავი 2018-12-17 15.00 631.6(075.8) მ–178 2709 2018-12-17 2709 2018-12-17 წიგნი 15 ლ.